|
|
|
|
| LEADER |
00000ny a22000003n 4500 |
| 005 |
20110608113930.0 |
| 008 |
070418s2007 sp 000 0 spa d |
| 020 |
|
|
|a 9788495748829
|
| 020 |
|
|
|a 9788495748829
|
| 035 |
|
|
|a 2063
|
| 040 |
|
|
|a NoBUC-UCAR
|d vLex
|
| 080 |
|
|
|a 347.714(460)
|
| 080 |
|
|
|a 347.72:657.6(460)
|
| 090 |
|
|
|c 573
|d 573
|
| 100 |
1 |
|
|a Fernǹdez Maestu, Jos ̌Luis
|
| 245 |
1 |
3 |
|a El auditor y el registrador mercantil
|h [Recurso electrn̤ico]
|c Jos ̌Luis Fernǹdez Maestu
|
| 256 |
|
|
|a Servicio en ln̕ea
|
| 260 |
|
|
|a Madrid :
|b Dijusa,
|c 2007
|
| 300 |
|
|
|a 207 p.;
|c 24 cm
|
| 506 |
1 |
|
|a Contenido solo disponible en los productos indicados
|d vLex Global
|d vLex Global (Academic Edition, excluding Law Schools)
|d vLex Global (U.S. Academic Edition, Law Schools)
|d vLex Global (U.S. Academic Edition, excluding Law Schools)
|d vLex Global (Academic Edition, Law Schools)
|
| 650 |
0 |
7 |
|a Auditoria
|2 Tesauro vLex
|
| 650 |
0 |
7 |
|a Registradores de la propiedad
|2 Tesauro vLex
|
| 740 |
0 |
|
|a vLex Libros (Servicios en ln̕ea)
|
| 856 |
4 |
0 |
|u http://vlex.com/source/2063
|z Acceso restringido
|
| 942 |
|
|
|c BOOK
|
| 999 |
0 |
|
|a Auditing
|b Madrid
|